[Event "BUL-ch"]
[Site "Dupnitsa"]
[Date "1998.??.??"]
[Round "1"]
[White "Alexandrov, Vasil"]
[Black "Stefanova, Antoaneta"]
[Result "1/2-1/2"]
[WhiteElo "2000"]
[BlackElo "2480"]
[PlyCount "75"]
[EventDate "1998.06.??"]
[EventType "tourn"]
[EventRounds "13"]
[EventCountry "BUL"]
[EventCategory "5"]
[SourceTitle "EXT 1999"]
[Source "ChessBase"]
[SourceDate "1998.11.16"]
[SourceVersion "1"]
[SourceVersionDate "1998.11.16"]
[SourceQuality "1"]

1. Nf3 d5 2. d4 c6 3. c4 dxc4 4. a4 e6 5. e3 b5 6. b3 Bb4+ 7. Bd2 Bxd2+ 8. Nfxd2 a5 9. bxc4 b4 10. Be2 Nf6 11. 0-0 c5 12. Bf3 Ra6 13. Nb3 cxd4 14. exd4 0-0 15. N1d2 Qc7 16. Re1 Rd8 17. Qe2 Rad6 18. c5 Ra6 19. Qe5 Qa7 20. Nc4 Bb7 21. Bxb7 Qxb7 22. Ncxa5 Qa7 23. Nc4 Nc6 24. Qe3 Nd5 25. Qf3 Nc3 26. Nd6 Qd7 27. a5 Rda8 28. h4 R8a7 29. h5 h6 30. Qg3 Nxa5 31. Nxa5 Rxa5 32. Rxa5 Rxa5 33. Nf5 exf5 34. Qb8+ Kh7 35. Qxb4 Ne4 36. Qxa5 Qxd4 37. Rf1 Ng3 38. Re1 1/2-1/2

[Event "BUL-ch"]
[Site "Dupnitsa"]
[Date "1998.??.??"]
[Round "4"]
[White "Bojkov, Dejan"]
[Black "Alexandrov, Vasil"]
[Result "1-0"]
[WhiteElo "2310"]
[BlackElo "2000"]
[PlyCount "65"]
[EventDate "1998.06.??"]
[EventType "tourn"]
[EventRounds "13"]
[EventCountry "BUL"]
[EventCategory "5"]
[SourceTitle "EXT 1999"]
[Source "ChessBase"]
[SourceDate "1998.11.16"]
[SourceVersion "1"]
[SourceVersionDate "1998.11.16"]
[SourceQuality "1"]

1. e4 c5 2. Nf3 Nc6 3. Bb5 d6 4. 0-0 Bd7 5. Re1 g6 6. c3 Bg7 7. d4 Qb6 8. Na3 cxd4 9. cxd4 Nf6 10. d5 Ne5 11. Nxe5 Bxb5 12. Qb3 Bd7 13. Nxd7 Nxd7 14. Qa4 Qd8 15. Be3 0-0 16. Nc4 Nb6 17. Nxb6 axb6 18. Qb3 b5 19. Qxb5 Qa5 20. Qxb7 Bf6 21. b4 Qa4 22. Rab1 Rfb8 23. Qc6 Qxa2 24. b5 Rc8 25. b6 Rab8 26. b7 Rxc6 27. dxc6 Qa5 28. Bb6 Qa6 29. Ba7 Qxa7 30. c7 Bd4 31. c8Q+ Kg7 32. Re2 Bc5 33. Qxb8 1-0

[Event "BUL-ch"]
[Site "Dupnitsa"]
[Date "1998.??.??"]
[Round "13"]
[White "Bratanov, Zsivko"]
[Black "Alexandrov, Vasil"]
[Result "0-1"]
[WhiteElo "2300"]
[BlackElo "2000"]
[PlyCount "60"]
[EventDate "1998.06.??"]
[EventType "tourn"]
[EventRounds "13"]
[EventCountry "BUL"]
[EventCategory "5"]
[SourceTitle "EXT 1999"]
[Source "ChessBase"]
[SourceDate "1998.11.16"]
[SourceVersion "1"]
[SourceVersionDate "1998.11.16"]
[SourceQuality "1"]

1. e4 c5 2. Nf3 d6 3. d4 cxd4 4. Nxd4 Nf6 5. Nc3 Nc6 6. Bg5 e6 7. Qd2 a6 8. 0-0-0 Be7 9. f4 Qc7 10. Kb1 0-0 11. Bxf6 gxf6 12. g3 Nxd4 13. Qxd4 b5 14. Bh3 Qc5 15. Qd3 b4 16. Ne2 Bb7 17. Nd4 Rac8 18. Rhe1 Rfd8 19. f5 e5 20. Nb3 Qc7 21. Bg2 a5 22. c4 bxc3 23. Rc1 a4 24. Rxc3 Qb6 25. Nd2 Rxc3 26. Qxc3 Qf2 27. Qe3 Qxg2 28. Rg1 Qh3 29. Rc1 Bf8 30. Qb6 Rd7 0-1

[Event "BUL-ch"]
[Site "Dupnitsa"]
[Date "1998.??.??"]
[Round "2"]
[White "Vasilev, Milen"]
[Black "Alexandrov, Vasil"]
[Result "1-0"]
[WhiteElo "2305"]
[BlackElo "2000"]
[PlyCount "50"]
[EventDate "1998.06.??"]
[EventType "tourn"]
[EventRounds "13"]
[EventCountry "BUL"]
[EventCategory "5"]
[SourceTitle "EXT 1999"]
[Source "ChessBase"]
[SourceDate "1998.11.16"]
[SourceVersion "1"]
[SourceVersionDate "1998.11.16"]
[SourceQuality "1"]

1. d4 Nf6 2. c4 g6 3. Nc3 Bg7 4. Nf3 0-0 5. g3 d6 6. Bg2 Nbd7 7. 0-0 c6 8. e4 e5 9. h3 Re8 10. Re1 a6 11. Be3 exd4 12. Nxd4 Nc5 13. Qc2 Qc7 14. Rad1 Ne6 15. b3 Nxd4 16. Bxd4 Be6 17. f4 Nh5 18. Bxg7 Nxg7 19. e5 dxe5 20. Rxe5 Rad8 21. Rde1 Rd4 22. Qf2 Red8 23. Nd5 cxd5 24. Qxd4 dxc4 25. Qe4 Qd7 1-0